[Event "FRA-ch Blitz Online Qual"]
[Site "Europe Echecs INT"]
[Date "2020.05.16"]
[Round "14"]
[White "Breuil, Tristan"]
[Black "Duvert, Francois"]
[Result "1/2-1/2"]
[WhiteElo "1898"]
[BlackElo "1729"]
[PlyCount "118"]
[EventDate "2020.05.16"]
[EventType "swiss (blitz)"]
[EventRounds "15"]
[EventCountry "FRA"]
[SourceTitle "CBM 196 Extra"]
[Source "ChessBase"]
[SourceDate "2020.07.31"]
[SourceVersion "1"]
[SourceVersionDate "2020.07.31"]
[SourceQuality "1"]

1. e4 d5 2. exd5 Nf6 3. d4 Bg4 4. Bb5+ c6 5. dxc6 Nxc6 6. Be2 Qxd4 7. Bxg4 Qxg4 8. Qxg4 Nxg4 9. h3 Nge5 10. Bf4 e6 11. a3 0-0-0 12. Bxe5 Nxe5 13. Nc3 g6 14. Nge2 Nc4 15. Rb1 Bh6 16. a4 Bd2+ 17. Kf1 Bxc3 18. Nxc3 Nd2+ 19. Ke2 Nxb1 20. Rxb1 Rd7 21. Rd1 Rhd8 22. Rxd7 Rxd7 23. b3 Kc7 24. Ne4 f5 25. Ng5 e5 26. Nf3 e4 27. Ne5 Rd5 28. Nc4 Kc6 29. g3 b5 30. axb5+ Kxb5 31. Nd2 Kb4 32. Nb1 a5 33. Ke1 h6 34. Ke2 g5 35. Ke1 f4 36. Ke2 h5 37. gxf4 gxf4 38. Ke1 f3 39. h4 Rd8 40. Nd2 Re8 41. Nc4 a4 42. Nd6 Rd8 43. Nxe4 Re8 44. bxa4 Rxe4+ 45. Kd2 Kxa4 46. Kd3 Rxh4 47. Ke3 Rh3 48. Kf4 Kb4 49. Ke3 Kc3 50. Kf4 Kxc2 51. Kg5 Kd2 52. Kf4 Ke2 53. Kf5 Kxf2 54. Kf6 Ke3 55. Kg7 f2 56. Kf7 f1Q+ 57. Kg8 Rg3+ 58. Kh7 Qf7+ 59. Kh8 Qe7 1/2-1/2

[Event "FRA-ch Blitz Online Qual"]
[Site "Europe Echecs INT"]
[Date "2020.05.16"]
[Round "9"]
[White "Duvert, Francois"]
[Black "Anas, Raphael"]
[Result "1-0"]
[WhiteElo "1729"]
[BlackElo "1421"]
[PlyCount "103"]
[EventDate "2020.05.16"]
[EventType "swiss (blitz)"]
[EventRounds "15"]
[EventCountry "FRA"]
[SourceTitle "CBM 196 Extra"]
[Source "ChessBase"]
[SourceDate "2020.07.31"]
[SourceVersion "1"]
[SourceVersionDate "2020.07.31"]
[SourceQuality "1"]

1. d4 d5 2. Bf4 Bf5 3. e3 Nf6 4. c4 c6 5. Nc3 e6 6. Nf3 Nbd7 7. Nh4 Bg6 8. Be2 Bb4 9. a3 Bxc3+ 10. bxc3 Ne4 11. Nxg6 hxg6 12. Qd3 g5 13. Bg3 Nxg3 14. fxg3 Nf6 15. 0-0 Ne4 16. Bf3 f5 17. cxd5 cxd5 18. c4 dxc4 19. Qxc4 Qd7 20. Bxe4 fxe4 21. Rf2 Rf8 22. Rxf8+ Kxf8 23. Rf1+ Kg8 24. Qb4 Qc8 25. Qe7 Kh7 26. Qxg5 Qd8 27. Qh5+ Kg8 28. Qf7+ Kh7 29. Qxe6 Qe8 30. Qh3+ Kg8 31. Qg4 Rd8 32. h4 Rd7 33. h5 Rf7 34. Rc1 Qe7 35. h6 Kh7 36. hxg7 Rxg7 37. Qh5+ Kg8 38. Rc8+ Qf8 39. Rxf8+ Kxf8 40. Qf5+ Rf7 41. Qxe4 Re7 42. Qf5+ Ke8 43. g4 Kd8 44. g5 Rxe3 45. g6 Re7 46. Qf6 Kd7 47. g7 Rxg7 48. Qxg7+ Kc6 49. Qe5 b5 50. g4 a5 51. Qc5+ Kd7 52. Qxb5+ 1-0